Curso de operatoria quirúrgica para médicos y estudiantes / (Record no. 139996)

MARC details
000 -LEADER
campo de control de longitud fija 00724nam a2200193 4500
001 - NÚMERO DE CONTROL
campo de control 139996
003 - IDENTIFICADOR DE NÚMERO DE CONTROL
campo de control ES-MaACL
005 - FECHA Y HORA DE LA ÚLTIMA TRANSACCIÓN
campo de control 20230906195952.0
007 - CAMPO FIJO DE DESCRIPCIÓN FÍSICA--INFORMACIÓN GENERAL
campo de control de longitud fija t|
008 - DATOS DE LONGITUD FIJA--INFORMACIÓN GENERAL
campo de control de longitud fija 070214q1916 sp r ||||1| spa d
100 1# - ENTRADA PRINCIPAL--NOMBRE DE PERSONA
Nombre de persona Schmieden, Victor.
9 (RLIN) 194488
245 10 - MENCIÓN DEL TÍTULO
Título Curso de operatoria quirúrgica para médicos y estudiantes /
Mención de responsabilidad, etc. por el prof. Dr. Victor Schmieden ; versión directa al español de la 3ª edición alemana por el Dr. Juan Marimón.
260 ## - PUBLICACIÓN, DISTRIBUCIÓN, ETC.
Lugar de publicación, distribución, etc. Barcelona :
Nombre del editor, distribuidor, etc. Sociedad General de Publicaciones,
Fecha de publicación, distribución, etc. [1916?]
300 ## - DESCRIPCIÓN FÍSICA
Extensión IV, 460 p. ;
Dimensiones 24 x 16 cm.
500 ## - NOTA GENERAL
Nota general Ejemplar falto de portada y de alguna página al final.
700 1# - ENTRADA AGREGADA--NOMBRE PERSONAL
Nombre de persona Marimón, Juan.
9 (RLIN) 76728
852 ## - LOCALIZACIÓN
Ubicación ES-MaACL
Número de control de estantería B-11572
Holdings
Estatus retirado Estado de pérdida Estado de daño No para préstamo Biblioteca de origen Biblioteca actual Ubicación en estantería Fecha de adquisición Fuente de adquisición Total de préstamos Signatura topográfica completa Código de barras Visto por última vez Precio de reemplazo Tipo de ítem Koha
        Biblioteca del Ateneo de Madrid Biblioteca del Ateneo de Madrid Sala Pardo Bazán 17/01/2008     B-11572 1145684 23/02/2023 23/02/2023 Libro impreso